Personnages de Mario & Luigi : Les frères du temps - Statistiques

Statistiques générales
  • Ce quiz a été pris 89 fois
  • Le résultat moyen est 10 sur 17
Statistiques - réponses
Réponse % Correct
Bébé Luigi
100%
Bébé Mario
100%
Luigi
100%
Mario
100%
Bébé Peach
99%
Peach
99%
Bébé Bowser
87%
Bowser
87%
Papy Champi
43%
Princesse Xhampi
37%
Kylie Koopa
35%
Proffeseur K. Tastroff
28%
Fourretout
23%
Toadbert
23%
Xhampis
13%
Toadiko
12%
Toads
9%
Aucun quiz correspondant
Distribution des résultats
% des personnes avec chaque résultat
Percentile par nombre de réponses
Votre historique - résultats
Vous n’avez pas pris ce quiz